00789nam a22001817a 4500999001700000008004100017020001800058050002400076100003200100245006300132260004600195300002800241521005100269650005700320650006800377942003600445952012600481 c15933d15933161107b xxu||||| |||| 00| 0 eng d a9780787966409 aLB 1027.5 .B56 1998 aEd.D. Blum, Dorothy Jd1998 aThe School Counselor's Book of Lists/cDorothy J Blum Ed D aSan francisco:bJohn Wiley & Sons,c2002. axx,519p.:bill.;c27cm. aIncludes bibliographical references and index. aEducational counselling - United States- miscellanea aEducational counselling- United States- handbooks, manual, etc. 2lcccBOOKShLB 1027.5 .B56 1998 00102lcc4070aMUCbMUCcTECHd2016-11-07eDonation (BFA)l0oLB 1027.5 .B56 1998p26151r2018-07-13w2016-11-07yBOOKS